Statistics for Biggest Metropolitan Areas On the Ohio River

Click here to take the quiz!

General Stats

  • This quiz has been taken 586 times
  • The average score is 5 of 9

Answer Stats

HintAnswer% Correct
2.2 MillionCincinnati, OH
92%
2.4 MillionPittsburgh, PA
86%
1.4 MillionLouisville, KY
85%
358,000Evansville, IN
49%
145,000Wheeling, WV
38%
365,419Ashland, KY/ Huntington, WV/ Ironton, OH
36%
160,000Parkersburg, WV
24%
112,000Owensboro, KY
23%
132,000Weirton, WV/ Steubenville, OH
21%

Score Distribution

Percentile by Number Answered

Percent of People with Each Score

Your Score History

You have not taken this quiz